01220naa#a2200241#i#4500001001600000005001700016011001400033100004100047101000800088102000700096200024900103210008300352215001000435608004500445675011000490686005800600700005200658700006400710700006400774700006400838700005600902856002000958RU\\bibl\11544720260630062739.2##a2077-7566##a20260629b2026####ek#y0rusy0150####ca0#aRUS##aRU1#aКОМПЛЕКСНЫЙ ПОДХОД К ДИАГНОСТИКЕ И ЛЕЧЕНИЮ ДИСФУНКЦИИ ВНЧС: ОБОСНОВАНИЕ ВКЛЮЧЕНИЯ ПОСТУРОЛОГИЧЕСКОГО СКРИНИНГАeЖурнальная статья1#aЕкатеринбургcИздательский Дом «ТИРАЖ»d2026##a5 с.##aЖурнальная статья2local##aСтоматология. Заболевания ротовой полости и зубов. 616.31zRUS##aКлиническая медицина. 76.292grnti#1aДубоваgЛюбовь Валерьевна#1aМинатуллаевgРасул Арсаналиевич#1aМаджидоваgЕлизавета Руслановна#1aРоманковаgНаталья Владимировна#1aХарченкоgДмитрий Андреевич4#adental-press.ru